Effective problem solving

Bibliographic Details
Main Author: Francis, Dave
Format: Book
Published: London : Routledge , 1990
Series:Self-development for managers
Subjects:

MARC

LEADER 00000cam a2200000 7i4500
001 0000001483
002 000001629
005 20000330.0
020 |a 0415053579 
090 0 0 |a 658.403   |b FRA 
100 1 |a Francis, Dave 
245 1 0 |a Effective problem solving   |c Dave Francis 
260 |a London :   |b Routledge ,   |c 1990 
300 |a 128p. ;   |c 22 cm. 
490 0 |a Self-development for managers 
650 0 0 |a Management   |x Problem solving 
999 |a 00073029   |b BUKU   |c PINJAMAN   |e PERPUSTAKAAN KOMUNITI PETALING JAYA 
999 |a 034026   |b BUKU   |c PINJAMAN   |e PERPUSTAKAAN KOMUNITI PETALING JAYA